MyGZULibrary

Designing & doing survey research / (Record no. 7231)

MARC details
000 -LEADER
fixed length control field 01387cam a2200409 a 4500
001 - CONTROL NUMBER
control field 16967184
003 - CONTROL NUMBER IDENTIFIER
control field GZU
005 - DATE AND TIME OF LATEST TRANSACTION
control field 20210506090256.0
008 - FIXED-LENGTH DATA ELEMENTS--GENERAL INFORMATION
fixed length control field 110919s2012 enka b 001 0 eng d
010 ## - LIBRARY OF CONGRESS CONTROL NUMBER
LC control number 2011939236
015 ## - NATIONAL BIBLIOGRAPHY NUMBER
National bibliography number GBB1D7662
Source bnb
016 7# - NATIONAL BIBLIOGRAPHIC AGENCY CONTROL NUMBER
Record control number 015979473
Source Uk
020 ## - INTERNATIONAL STANDARD BOOK NUMBER
International Standard Book Number 9781849208123 (hbk.)
020 ## - INTERNATIONAL STANDARD BOOK NUMBER
International Standard Book Number 1849208123 (hbk.)
020 ## - INTERNATIONAL STANDARD BOOK NUMBER
International Standard Book Number 9781849208130 (pbk.)
020 ## - INTERNATIONAL STANDARD BOOK NUMBER
International Standard Book Number 1849208131 (pbk.)
035 ## - SYSTEM CONTROL NUMBER
System control number (OCoLC)ocn766339794
040 ## - CATALOGING SOURCE
Original cataloging agency UKMGB
Transcribing agency UKMGB
Modifying agency BTCTA
-- YDXCP
-- BWK
-- YNK
-- BWX
-- SINIE
-- CGU
-- OIP
-- CDX
-- DLC
042 ## - AUTHENTICATION CODE
Authentication code lccopycat
050 00 - LIBRARY OF CONGRESS CALL NUMBER
Classification number HA31.2 AND 2012
Item number .A5195 2012
082 04 - DEWEY DECIMAL CLASSIFICATION NUMBER
Classification number 001.433
Edition number 23
100 1# - MAIN ENTRY--PERSONAL NAME
Personal name Andres, Lesley.
245 10 - TITLE STATEMENT
Title Designing & doing survey research /
Statement of responsibility, etc. Lesley Andres.
246 3# - VARYING FORM OF TITLE
Title proper/short title Designing and doing survey research
260 ## - PUBLICATION, DISTRIBUTION, ETC.
Place of publication, distribution, etc. London :
Name of publisher, distributor, etc. SAGE,
Date of publication, distribution, etc. 2012.
300 ## - PHYSICAL DESCRIPTION
Extent 197 p. :
Other physical details ill. ;
Dimensions 25 cm.
500 ## - GENERAL NOTE
General note Includes bibliography
504 ## - BIBLIOGRAPHY, ETC. NOTE
Bibliography, etc. note Includes bibliographical references (p. [187]-191) and index.
600 ## - SUBJECT ADDED ENTRY--PERSONAL NAME
Source of heading or term Survey research
650 #0 - SUBJECT ADDED ENTRY--TOPICAL TERM
Topical term or geographic name entry element Social surveys
General subdivision Methodology.
650 #0 - SUBJECT ADDED ENTRY--TOPICAL TERM
Topical term or geographic name entry element Scientific surveys
General subdivision Methodology.
650 #0 - SUBJECT ADDED ENTRY--TOPICAL TERM
Topical term or geographic name entry element Sampling (Statistics)
906 ## - LOCAL DATA ELEMENT F, LDF (RLIN)
a 7
b cbc
c copycat
d 2
e ncip
f 20
g y-gencatlg
942 ## - ADDED ENTRY ELEMENTS (KOHA)
Source of classification or shelving scheme Library of Congress Classification
Koha item type Books
Classification part 31.2
Item part AND
Call number prefix HA
Holdings
Withdrawn status Lost status Damaged status Not for loan Collection code Home library Current library Shelving location Date acquired Total Checkouts Total Renewals Full call number Barcode Date last seen Date last checked out Copy number Price effective from Koha item type
        Non-fiction Gender Resource Centre Gender Resource Centre General Stacks 05/06/2021 1 2 HA31.2 AND 2012 025625 10/06/2022 08/26/2022 c.1 05/06/2021 Books